Perception of health among rural population in India (Record no. 9685)

000 -LEADER
fixed length control field 00436pab a2200157 454500
008 - FIXED-LENGTH DATA ELEMENTS--GENERAL INFORMATION
fixed length control field 180718b1985 xxu||||| |||| 00| 0 eng d
100 ## - MAIN ENTRY--PERSONAL NAME
Personal name Trakroo, P.L
245 ## - TITLE STATEMENT
Title Perception of health among rural population in India
260 ## - PUBLICATION, DISTRIBUTION, ETC.
Date of publication, distribution, etc. 1985
300 ## - PHYSICAL DESCRIPTION
Extent 255-69
362 ## - DATES OF PUBLICATION AND/OR SEQUENTIAL DESIGNATION
Dates of publication and/or sequential designation Oct.-Dec.
650 ## - SUBJECT ADDED ENTRY--TOPICAL TERM
Topical term or geographic name entry element Health Services - India - Haryana
700 ## - ADDED ENTRY--PERSONAL NAME
Personal name S.D. Kapoor
773 ## - HOST ITEM ENTRY
Main entry heading Health and Population : Perspectives and Issues
909 ## -
-- 9685
Holdings
Withdrawn status Lost status Damaged status Not for loan Permanent Location Current Location Date acquired Serial Enumeration / chronology Barcode Date last seen Price effective from Koha item type
        Indian Institute of Public Administration Indian Institute of Public Administration 2018-07-19 Volume no: 8, Issue no: 4 AR9700 2018-07-19 2018-07-19 Articles

Powered by Koha